| 000 | 00849 a2200277 4500 | ||
|---|---|---|---|
| 003 | CBULib | ||
| 005 | 20251028092844.0 | ||
| 008 | 251028b |||||||| |||| 00| 0 eng d | ||
| 020 | _a9781787017634 | ||
| 040 |
_bEnglish _cCBULib _erda |
||
| 041 | _aeng | ||
| 050 | _aG 151 Bai | ||
| 100 |
_aBain, Carolyn _94964 |
||
| 245 |
_aThe travel book : a journey through every country in the world _c/ by Carolyn Bain; Joe Bindloss and Celeste Brash |
||
| 260 |
_bLonely Planet, _c2018 _aDublin : |
||
| 300 | _a447 pages : illustrations | ||
| 336 |
_2rdacontent _aText | _btxt |
||
| 337 |
_2rdamedia _aUnmediated | _bn |
||
| 338 |
_2rdacarrier _aVolume _bnc |
||
| 650 | 0 |
_aTRAVEL _94965 |
|
| 650 | 0 |
_aGUIDEBOOKS _94966 |
|
| 700 |
_94967 _aHutchinson, Corey |
||
| 700 |
_94968 _aLyall, Alison |
||
| 700 |
_94969 _aPhelan, Anthony |
||
| 942 |
_2lcc _c002 |
||
| 999 |
_c86428 _d86428 |
||